Ein ungefärbt Gemüte (4. Sonntag nach Trinitatis) : Kantate Nr. 24 ; Ich ruf zu Dir, Herr Jesu Christ (4. Sonntag nach Trinitatis) : Kantate Nr. 177

Uložené v:
Podrobná bibliografia
Hlavný autor: Bach, Johann Sebastian, 1685-1750 (Composer)
Médium: Zvuková nahrávka
Jazyk:German
Vydané: Berlin : VEB Deutsche Schallplatten, [1968].
Edícia:Günther Ramin dirigiert 5. Folge
Fyzický popis: 1 gramofónová platňa : 33 1/3 ot/min., stereo ; 30 cm.
Tagy: Pridať tag
Žiadne tagy, Buďte prvý kto otaguje tento záznam!

MARC

LEADER 00000njm a22000004a 4500
001 000445607
003 SVKKK
005 20131130172751.0
008 130830s1968 gw e 000 0 ger d
028 0 1 |a 8 20 456  |b Eterna 
040 |a SVKKK  |b slo  |c SVKKK  |e AACR2 
041 0 |g ger 
044 |a gw  |c DE 
100 1 |a Bach, Johann Sebastian,  |d 1685-1750  |4 cmp 
245 1 0 |a Ein ungefärbt Gemüte (4. Sonntag nach Trinitatis) :  |b Kantate Nr. 24 ; Ich ruf zu Dir, Herr Jesu Christ (4. Sonntag nach Trinitatis) : Kantate Nr. 177  |h [zvukový záznam]  |c Johann Sebastian Bach. 
246 3 3 |a Kantaten 
260 |a Berlin :  |b VEB Deutsche Schallplatten,  |c [1968]. 
300 |a 1 gramofónová platňa :  |b 33 1/3 ot/min., stereo ;  |c 30 cm. 
490 1 |a Günther Ramin dirigiert  |v 5. Folge 
511 0 |a Ulrike Taube, soprán ; Gerda Schriever, Eva Fleischer, alt ; Gert Lutze, tenor ; Hans Hauptmann, bas ; Hans Kästner, organ ; Thomanerchor Leipzig, Gewandhausorchester Leipzig, Günther Ramin, dirigent 
830 0 |a Günther Ramin dirigiert  |v 5. Folge 
910 |a svkkk 
998 |a AM 
090 |g SCKHL  |k Sklad Pribinova 1. posch.  |a IIIG.1457  |j 2756  |i 2720344862  |s Prezenčne CD, DVD 
924 |a AVM